[Event "Titled Tuesday intern op 04th Feb Early"]
[Site "Chess.com INT"]
[Date "2025.02.04"]
[Round "6"]
[White "Escalona Landi, Samid Eduardo"]
[Black "Lai, Duc Minh1"]
[Result "0-1"]
[WhiteElo "2372"]
[BlackElo "2073"]
[PlyCount "66"]
[EventDate "2025.02.04"]
[EventType "swiss (blitz)"]
[EventRounds "11"]
[EventCountry "USA"]
[SourceTitle "CB07_2025"]
[SourceDate "2025.02.12"]
[SourceVersion "1"]
[SourceVersionDate "2025.02.12"]
[SourceQuality "1"]

1. d4 d6 2. Bf4 f5 3. e3 Nf6 4. h3 g6 5. Nf3 Bg7 6. Bc4 e6 7. 0-0 Qe7 8. Bb3 0-0 9. c4 h6 10. Bh2 Kh7 11. Nc3 Nc6 12. Re1 e5 13. Nd5 Nxd5 14. cxd5 Na5 15. dxe5 dxe5 16. Rc1 Rd8 17. Qc2 Nxb3 18. axb3 Rxd5 19. Qxc7 Rd7 20. Bxe5 Rxc7 21. Rxc7 Bd7 22. Rd1 Rd8 23. Bxg7 Kxg7 24. Rxb7 Kg8 25. Rxa7 Qe8 26. Rc7 Be6 27. Nd4 Rc8 28. Ra7 Bf7 29. Rda1 Rd8 30. Rc7 Rd7 31. Rc5 f4 32. Re1 fxe3 33. fxe3 Rxd4 0-1

[Event "Bolivarian Games Rapid"]
[Site "Lima"]
[Date "2024.12.02"]
[Round "2.6"]
[White "Valderrama Quiceno, Esteban Alberto"]
[Black "Escalona Landi, Samid Eduardo"]
[Result "1/2-1/2"]
[WhiteElo "2378"]
[BlackElo "2372"]
[PlyCount "81"]
[EventDate "2024.12.02"]
[EventType "team (rapid)"]
[EventRounds "5"]
[EventCountry "PER"]
[SourceTitle "CB50_2024"]
[SourceDate "2024.11.01"]
[SourceVersion "1"]
[SourceVersionDate "2024.11.01"]
[SourceQuality "2"]
[WhiteTeam "Colombia"]
[BlackTeam "Venezuela"]
[WhiteTeamCountry "COL"]
[BlackTeamCountry "VEN"]

1. e4 c5 2. Nf3 d6 3. d4 cxd4 4. Nxd4 Nf6 5. f3 e5 6. Nb3 Be7 7. c4 a5 8. Be3 a4 9. Nc1 0-0 10. Nc3 Qa5 11. Qd2 Be6 12. Rb1 Rc8 13. Nd5 Bd8 14. Bd3 Nbd7 15. Qxa5 Bxa5+ 16. Kf2 Bxd5 17. cxd5 Bb6 18. Bxb6 Nxb6 19. Ne2 Nfd7 20. Rhc1 Nc5 21. Ke3 f5 22. Nc3 fxe4 23. fxe4 Kf8 24. Be2 Ke7 25. g3 g6 26. h4 h5 27. Nb5 Nbd7 28. Nc3 Nf6 29. Bf3 Rg8 30. b4 axb3 31. axb3 g5 32. b4 Ncd7 33. Ne2 gxh4 34. gxh4 Ra3+ 35. Rc3 Rxc3+ 36. Nxc3 Ng4+ 37. Ke2 Rc8 38. Kd2 Rf8 39. Ke2 Rc8 40. Kd2 Rf8 41. Ke2 1/2-1/2

[Event "Lagos op 2nd"]
[Site "Lagos"]
[Date "2024.11.02"]
[Round "9"]
[White "Escalona Landi, Samid Eduardo"]
[Black "Dinis de Sousa, Joao"]
[Result "0-1"]
[WhiteElo "2326"]
[BlackElo "2087"]
[PlyCount "92"]
[EventDate "2024.10.26"]
[EventType "swiss"]
[EventRounds "9"]
[EventCountry "POR"]
[SourceTitle "CB45_2024"]
[Source "ChessBase"]
[SourceDate "2024.11.06"]
[SourceVersion "1"]
[SourceVersionDate "2024.11.06"]
[SourceQuality "1"]

1. Nf3 c5 2. g3 Nc6 3. Bg2 g6 4. 0-0 Bg7 5. d3 e5 6. c4 Nge7 7. Nc3 0-0 8. Nd5 Nxd5 9. cxd5 Ne7 10. Nd2 d6 11. a4 f5 12. e4 f4 13. Nc4 g5 14. Qh5 Ng6 15. Bd2 Rf7 16. b4 cxb4 17. Bxb4 Bd7 18. Bh3 Bf8 19. Bxd7 Qxd7 20. Qxg5 Be7 21. Qh5 Raf8 22. f3 Rg7 23. g4 Nh8 24. Kf2 Rf6 25. h4 Nf7 26. g5 Rfg6 27. Qg4 Qe8 28. d4 exd4 29. Qxf4 h6 30. gxh6 Rg2+ 31. Ke1 R7g6 32. Qf5 Nxh6 33. Qh3 Rc2 34. Nd2 Kh7 35. h5 Rg5 36. Qe6 Qf8 37. Kd1 Rb2 38. f4 Rg2 39. Qh3 Qg7 40. Qa3 d3 41. e5 Qg4+ 42. Nf3 Nf5 43. Bc5 dxc5 44. Qxd3 c4 45. Qe4 Rbf2 46. Rxf2 Rxf2 0-1

[Event "La Nucia op 5th"]
[Site "La Nucia"]
[Date "2024.10.13"]
[Round "9"]
[White "Escalona Landi, Samid Eduardo"]
[Black "Ibanez Aullana, Jose Ramon"]
[Result "1/2-1/2"]
[WhiteElo "2245"]
[BlackElo "2212"]
[PlyCount "59"]
[EventDate "2024.10.07"]
[EventType "swiss"]
[EventRounds "9"]
[EventCountry "ESP"]
[SourceTitle "CB44_2024"]
[Source "Chessbase"]
[SourceDate "2024.10.30"]
[SourceVersion "1"]
[SourceVersionDate "2024.10.30"]
[SourceQuality "1"]

1. Nf3 Nf6 2. g3 b6 3. Bg2 Bb7 4. b3 c5 5. c4 e6 6. Bb2 Be7 7. 0-0 0-0 8. e3 d5 9. Nc3 dxc4 10. bxc4 Nc6 11. Qe2 Nb4 12. d4 Ne4 13. Rfd1 Nxc3 14. Bxc3 cxd4 15. Rxd4 Qc8 16. Rad1 Bc6 17. Bh3 Nxa2 18. Bb2 Bf6 19. Rg4 Nc3 20. Bxc3 Bxc3 21. Nd4 Bxd4 22. exd4 f5 23. Rh4 Rf6 24. d5 exd5 25. cxd5 Bb7 26. Qh5 Rh6 27. Qg5 Rf6 28. Qh5 Rh6 29. Qg5 Rf6 30. Qh5 1/2-1/2

[Event "La Nucia op 5th"]
[Site "La Nucia"]
[Date "2024.10.12"]
[Round "7"]
[White "Escalona Landi, Samid Eduardo"]
[Black "Basso, Pier Luigi"]
[Result "1/2-1/2"]
[WhiteElo "2245"]
[BlackElo "2482"]
[PlyCount "66"]
[EventDate "2024.10.07"]
[EventType "swiss"]
[EventRounds "9"]
[EventCountry "ESP"]
[SourceTitle "CB44_2024"]
[Source "Chessbase"]
[SourceDate "2024.10.30"]
[SourceVersion "1"]
[SourceVersionDate "2024.10.30"]
[SourceQuality "1"]

1. Nf3 d5 2. g3 c6 3. Bg2 Bf5 4. c4 dxc4 5. Na3 e5 6. Nxc4 e4 7. Nh4 Be6 8. Ne3 Nf6 9. f3 exf3 10. Nxf3 Bc5 11. d4 Bb6 12. b3 Ba5+ 13. Kf1 0-0 14. Qd3 Re8 15. Nc4 Bc7 16. Nfd2 b5 17. Ne3 Qe7 18. a4 Bd7 19. Nc2 bxa4 20. Ba3 Bd6 21. Bxd6 Qxd6 22. Rxa4 Bg4 23. e4 Nbd7 24. Qc3 Qe7 25. Ne3 c5 26. d5 Ne5 27. h3 Bd7 28. Ra5 Nh5 29. Nec4 Qg5 30. Kf2 Qf6+ 31. Ke1 Qg5 32. Kf2 Qf6+ 33. Ke1 Qg5 1/2-1/2

[Event "Iberoamerican-ch 10th"]
[Site "Linares"]
[Date "2024.10.01"]
[Round "9"]
[White "Escalona Landi, Samid Eduardo"]
[Black "Vega Gutierrez, Sabrina Neide"]
[Result "1-0"]
[WhiteElo "2305"]
[BlackElo "2374"]
[PlyCount "94"]
[EventDate "2024.09.25"]
[EventType "swiss"]
[EventRounds "9"]
[EventCountry "ESP"]
[SourceTitle "EXT 2025"]
[Source "ChessBase"]
[SourceDate "2024.10.14"]
[SourceVersion "1"]
[SourceVersionDate "2024.10.14"]
[SourceQuality "1"]

1. Nf3 c5 2. g3 g6 3. Bg2 Bg7 4. d3 Nc6 5. 0-0 d6 6. Nc3 Nf6 7. e4 Rb8 8. a4 a6 9. h3 Nd7 10. Nd5 e6 11. Ne3 b5 12. axb5 axb5 13. c3 Qb6 14. Nh2 b4 15. Nc4 Qc7 16. Bd2 bxc3 17. bxc3 Nb6 18. Ne3 0-0 19. f4 f5 20. g4 Kh8 21. h4 e5 22. exf5 exf4 23. Rxf4 d5 24. Rf1 d4 25. cxd4 cxd4 26. Nc2 gxf5 27. Nb4 Ne5 28. gxf5 Qd6 29. Be4 Nbd7 30. Nd5 Nf6 31. Nxf6 Bxf6 32. Ra7 Rg8+ 33. Kh1 Bd7 34. Bf4 Rg7 35. Ng4 Rbg8 36. Nh6 Rf8 37. Qe2 Bxh4 38. Qh2 Bf6 39. Ra5 Re8 40. Rd5 Qe7 41. Bxe5 Bxe5 42. f6 Bxf6 43. Rxd7 Qxd7 44. Rxf6 Rc8 45. Rf1 Qe8 46. Nf5 Rf7 47. Rg1 Qd7 1-0

[Event "Iberoamerican-ch 10th"]
[Site "Linares"]
[Date "2024.09.28"]
[Round "6"]
[White "Escalona Landi, Samid Eduardo"]
[Black "Labiano Hernandez, Juan"]
[Result "1/2-1/2"]
[WhiteElo "2305"]
[BlackElo "2398"]
[PlyCount "152"]
[EventDate "2024.09.25"]
[EventType "swiss"]
[EventRounds "9"]
[EventCountry "ESP"]
[SourceTitle "EXT 2025"]
[Source "ChessBase"]
[SourceDate "2024.10.14"]
[SourceVersion "1"]
[SourceVersionDate "2024.10.14"]
[SourceQuality "1"]

1. Nf3 d5 2. c4 d4 3. g3 Nc6 4. Bg2 e5 5. d3 Bb4+ 6. Nbd2 a5 7. 0-0 Nf6 8. a3 Be7 9. Rb1 a4 10. Ne1 0-0 11. Nc2 Re8 12. b4 axb3 13. Nxb3 Bf8 14. Bd2 Bg4 15. Nb4 e4 16. dxe4 Rxa3 17. Nd3 Be6 18. Qc2 Ra4 19. Nb2 Ra2 20. Nc1 Ra3 21. Nbd3 Qa8 22. Nf4 Nd7 23. Nxe6 fxe6 24. Nd3 Nc5 25. e5 Ra2 26. Rb2 Rxb2 27. Qxb2 Qa6 28. Ra1 Qxc4 29. Nxc5 Qxc5 30. Qxb7 Nxe5 31. Rc1 Qb6 32. Qxc7 Qxc7 33. Rxc7 Rb8 34. Bh3 Rb1+ 35. Kg2 Rb6 36. f4 Nf7 37. Rc4 d3 38. Kf3 dxe2 39. Kxe2 e5 40. Bg2 exf4 41. Rxf4 Re6+ 42. Kd3 Rd6+ 43. Kc2 g6 44. Ra4 Rd7 45. Ra8 Rd8 46. Ra7 Bh6 47. Ba5 Rc8+ 48. Kb3 Be3 49. Rd7 Rc5 50. Bc3 Rf5 51. Re7 Bc5 52. Re8+ Bf8 53. Ra8 Rb5+ 54. Kc2 Nd6 55. Bc6 Rc5 56. Ba4 Kf7 57. Kd3 Rc7 58. Bb4 Be7 59. Bb3+ Kf6 60. Ra6 Rd7 61. Bc3+ Kg5 62. Bd2+ Kf6 63. Ba4 Rd8 64. Ba5 Rc8 65. Ra7 Kf7 66. Bb4 Rd8 67. Bb3+ Kf8 68. Ke2 Rb8 69. Bxd6 Bxd6 70. Bc2 Rb2 71. Kd3 Be7 72. Ra4 Rb5 73. Ke2 Rh5 74. h4 Rc5 75. Bd3 Re5+ 76. Re4 Rxe4+ 1/2-1/2

[Event "Iberoamerican-ch 10th"]
[Site "Linares"]
[Date "2024.09.27"]
[Round "5"]
[White "Matamoros Franco, Carlos S"]
[Black "Escalona Landi, Samid Eduardo"]
[Result "1/2-1/2"]
[WhiteElo "2404"]
[BlackElo "2305"]
[PlyCount "44"]
[EventDate "2024.09.25"]
[EventType "swiss"]
[EventRounds "9"]
[EventCountry "ESP"]
[SourceTitle "EXT 2025"]
[Source "ChessBase"]
[SourceDate "2024.10.14"]
[SourceVersion "1"]
[SourceVersionDate "2024.10.14"]
[SourceQuality "1"]

1. Nf3 Nf6 2. g3 b6 3. Bg2 Bb7 4. d3 g6 5. e4 d6 6. 0-0 Bg7 7. Nfd2 e5 8. a4 a6 9. d4 Nbd7 10. Re1 0-0 11. d5 Bh6 12. Nc3 Qe7 13. Nc4 Bxc1 14. Qxc1 Kg7 15. Qd2 h5 16. h4 Ng4 17. Bh3 Ndf6 18. Qg5 Qe8 19. Qd2 Qe7 20. Qg5 Qe8 21. Qd2 Qe7 22. a5 b5 1/2-1/2

[Event "Iberoamerican-ch 10th"]
[Site "Linares"]
[Date "2024.09.27"]
[Round "4"]
[White "Zambrana, Oswaldo"]
[Black "Escalona Landi, Samid Eduardo"]
[Result "1/2-1/2"]
[WhiteElo "2405"]
[BlackElo "2305"]
[PlyCount "107"]
[EventDate "2024.09.25"]
[EventType "swiss"]
[EventRounds "9"]
[EventCountry "ESP"]
[SourceTitle "EXT 2025"]
[Source "ChessBase"]
[SourceDate "2024.10.14"]
[SourceVersion "1"]
[SourceVersionDate "2024.10.14"]
[SourceQuality "1"]

1. e4 c5 2. Nf3 Nc6 3. d4 cxd4 4. Nxd4 Nf6 5. Nc3 d6 6. Bg5 e6 7. Qd2 a6 8. 0-0-0 Bd7 9. f4 b5 10. Bxf6 gxf6 11. Kb1 Qb6 12. Nxc6 Bxc6 13. f5 b4 14. Ne2 e5 15. Ng3 h5 16. h4 Qc5 17. Bd3 Bh6 18. Qe2 Qe3 19. Rh3 Qxe2 20. Bxe2 Ke7 21. Bf3 Rac8 22. Nxh5 Ba4 23. b3 Bb5 24. g4 Rc3 25. Nxf6 Kxf6 26. g5+ Ke7 27. f6+ Kd8 28. gxh6 Rxh6 29. h5 Kc7 30. Rdh1 Bd7 31. Rg3 d5 32. Rh4 dxe4 33. Rxe4 Bc6 34. Rc4 Rxc4 35. bxc4 e4 36. Be2 Rxf6 37. c5 Bb5 38. Bxb5 axb5 39. Kc1 Kc6 40. Kd2 Rf2+ 41. Ke3 Rxc2 42. Kxe4 Rxa2 43. Rh3 Ra3 44. Rh1 Kxc5 45. h6 Ra8 46. h7 Rh8 47. Kd3 b3 48. Kc3 Kd5 49. Kxb3 f5 50. Rh4 Ke5 51. Kc3 Kf6 52. Kd4 b4 53. Ke3 b3 54. Kf4 1/2-1/2

[Event "Olympiad-45"]
[Site "Budapest"]
[Date "2024.09.11"]
[Round "1.67"]
[White "Adeshole Beckley, Brian"]
[Black "Escalona Landi, Samid Eduardo"]
[Result "0-1"]
[WhiteElo "1814"]
[BlackElo "2305"]
[PlyCount "43"]
[EventDate "2024.09.11"]
[EventType "team-swiss"]
[EventRounds "11"]
[EventCountry "HUN"]
[SourceTitle "EXT 2025"]
[Source "ChessBase"]
[SourceDate "2024.10.14"]
[SourceVersion "1"]
[SourceVersionDate "2024.10.14"]
[SourceQuality "1"]
[WhiteTeam "Sierra Leone"]
[BlackTeam "Venezuela"]
[WhiteTeamCountry "SIE"]
[BlackTeamCountry "VEN"]

1. d4 Nf6 2. c4 g6 3. Nc3 Bg7 4. e4 d6 5. Be2 0-0 6. Nf3 Nbd7 7. 0-0 e5 8. dxe5 dxe5 9. Bg5 h6 10. Bxf6 Qxf6 11. Nd5 Qd8 12. Nd2 c6 13. Nc3 a5 14. Qc2 Nc5 15. Rad1 Ne6 16. Nf3 Qe7 17. Rfe1 Nf4 18. Na4 Bg4 19. c5 Rad8 20. Rxd8 Rxd8 21. Rd1 Rxd1+ 22. Qxd1 0-1

[Event "Guillermo Garcia Memorial-A"]
[Site "Santa Clara"]
[Date "2024.05.14"]
[Round "1"]
[White "Escalona Landi, Samid Eduardo"]
[Black "Otero Acosta, Diasmany"]
[Result "1-0"]
[WhiteElo "2247"]
[BlackElo "2410"]
[PlyCount "65"]
[EventDate "2024.05.14"]
[EventType "tourn"]
[EventRounds "9"]
[EventCountry "CUB"]
[EventCategory "6"]
[SourceTitle "CBM 220 Extra"]
[Source "ChessBase"]
[SourceDate "2024.07.31"]
[SourceVersion "1"]
[SourceVersionDate "2024.07.31"]
[SourceQuality "1"]

1. e4 c5 2. Nf3 a6 3. c3 d5 4. exd5 Qxd5 5. d4 Nf6 6. Be2 Bg4 7. c4 Qd6 8. Be3 e6 9. Nc3 Nbd7 10. 0-0 cxd4 11. Nxd4 Bxe2 12. Qxe2 Be7 13. Rfd1 Qc7 14. Rac1 0-0 15. h3 Rac8 16. Nb1 Bc5 17. a3 Rfe8 18. b4 Bxd4 19. Bxd4 e5 20. Bb2 e4 21. c5 Qf4 22. Nd2 Ne5 23. Bxe5 Rxe5 24. Nc4 Re7 25. Qe3 Qc7 26. Rd6 Ne8 27. Rd4 Qc6 28. Rcd1 g6 29. Nb6 Rb8 30. Nd7 Rc8 31. Qh6 Nf6 32. Nb6 Rce8 33. Rd6 1-0

[Event "Titled Tuesday intern op 30th Apr Late"]
[Site "Chess.com INT"]
[Date "2024.04.30"]
[Round "9"]
[White "Escalona Landi, Samid Eduardo"]
[Black "Buenafe Moya, Javier"]
[Result "1-0"]
[WhiteElo "2248"]
[BlackElo "2160"]
[PlyCount "63"]
[EventDate "2024.04.30"]
[EventType "swiss (blitz)"]
[EventRounds "11"]
[EventCountry "USA"]
[SourceTitle "EXT 2025"]
[Source "ChessBase"]
[SourceDate "2024.10.14"]
[SourceVersion "1"]
[SourceVersionDate "2024.10.14"]
[SourceQuality "1"]

1. Nf3 d5 2. d3 g6 3. Nbd2 Bg7 4. g3 e5 5. Bg2 Ne7 6. 0-0 0-0 7. e4 d4 8. Nc4 Nd7 9. a4 c5 10. Nfd2 Qc7 11. f4 exf4 12. gxf4 f5 13. e5 Rb8 14. Nd6 b6 15. Nxc8 Rbxc8 16. Nc4 Rcd8 17. Qe2 a6 18. Bd2 b5 19. axb5 axb5 20. Ba5 Qb8 21. Bxd8 Rxd8 22. Nd6 Nc8 23. Ra8 Qc7 24. Rfa1 b4 25. Nxc8 Rxc8 26. Rxc8+ Qxc8 27. Ra8 Nb8 28. Qf3 Kf7 29. Qd5+ Ke8 30. Qd6 Na6 31. Rxc8+ Kf7 32. Bd5# 1-0

[Event "Titled Tuesday intern op 30th Apr Late"]
[Site "Chess.com INT"]
[Date "2024.04.30"]
[Round "2"]
[White "Escalona Landi, Samid Eduardo"]
[Black "D'Arruda, Ricardo D"]
[Result "1-0"]
[WhiteElo "2248"]
[BlackElo "2271"]
[PlyCount "127"]
[EventDate "2024.04.30"]
[EventType "swiss (blitz)"]
[EventRounds "11"]
[EventCountry "USA"]
[SourceTitle "EXT 2025"]
[Source "ChessBase"]
[SourceDate "2024.10.14"]
[SourceVersion "1"]
[SourceVersionDate "2024.10.14"]
[SourceQuality "1"]

1. d4 Nf6 2. Bf4 g6 3. e3 d6 4. h3 Bg7 5. Nf3 c5 6. c3 0-0 7. Be2 b6 8. Nbd2 Bb7 9. 0-0 Nc6 10. a4 Qc7 11. Bh2 Rfe8 12. Nc4 a6 13. Qb3 Nd7 14. Rfd1 Rab8 15. Ng5 Rf8 16. Nf3 Ba8 17. Na3 Na5 18. Qc2 cxd4 19. exd4 Bd5 20. Re1 Rfe8 21. Bxa6 Bb3 22. Qe2 Bxa4 23. Bb5 Bxb5 24. Qxb5 Nc6 25. Nc4 Na7 26. Qa6 Rb7 27. Ne3 Nf6 28. Qc4 Qxc4 29. Nxc4 b5 30. Ne3 Rc8 31. Ra6 Nc6 32. Rea1 Rbb8 33. d5 Nd8 34. Nd4 Kf8 35. Ndc2 Nb7 36. Ra7 Nd8 37. Nb4 Ne4 38. Bf4 Nc5 39. Bg5 Rb7 40. Rxb7 Ncxb7 41. Ra7 h6 42. Bf4 g5 43. Bg3 Ke8 44. Nf5 Bf8 45. Nc6 Nxc6 46. dxc6 Nd8 47. c7 Ne6 48. Rb7 Nxc7 49. Rb6 d5 50. Bxc7 e6 51. Rxb5 exf5 52. Be5 Rd8 53. Bd4 Kd7 54. Kf1 Kc6 55. Rb6+ Kc7 56. Rf6 Rd7 57. Rxf5 Bd6 58. Ke2 Bf4 59. Kd3 Kc6 60. g3 Bc7 61. Rf6+ Rd6 62. Rxf7 Re6 63. Rf6 Bd6 64. Rxe6 1-0

[Event "Titled Tuesday intern op 30th Apr Early"]
[Site "Chess.com INT"]
[Date "2024.04.30"]
[Round "2"]
[White "Fernandez Siles, Luis"]
[Black "Escalona Landi, Samid Eduardo"]
[Result "1-0"]
[WhiteElo "2209"]
[BlackElo "2248"]
[PlyCount "121"]
[EventDate "2024.04.30"]
[EventType "swiss (blitz)"]
[EventRounds "11"]
[EventCountry "USA"]
[SourceTitle "CBM 220 Extra"]
[Source "ChessBase"]
[SourceDate "2024.07.31"]
[SourceVersion "1"]
[SourceVersionDate "2024.07.31"]
[SourceQuality "1"]

1. e4 c5 2. Nf3 d6 3. Bb5+ Nc6 4. d4 cxd4 5. Qxd4 Bd7 6. Bxc6 bxc6 7. Nc3 e5 8. Qd3 f5 9. exf5 Qc8 10. Ne4 d5 11. Ng3 e4 12. Qe2 Nf6 13. 0-0 Be7 14. Nh4 0-0 15. Bg5 Rb8 16. c4 h6 17. Ng6 Qe8 18. Nxf8 Qxf8 19. Bf4 Rb4 20. cxd5 cxd5 21. Rfd1 Bb5 22. Qd2 Bd3 23. Be5 Rb7 24. Rac1 Bb4 25. Bc3 Bd6 26. a3 Qf7 27. Bb4 Be5 28. Rc8+ Kh7 29. Rf8 Qd7 30. Rc1 Rb8 31. Rxb8 Bxb8 32. Bc3 d4 33. Bb4 Bxg3 34. hxg3 Qxf5 35. Qf4 Qh5 36. f3 a5 37. Bf8 Nd5 38. Qg4 Qf7 39. fxe4 Ne3 40. Qf4 Qg6 41. Rc7 Nd5 42. Rxg7+ Qxg7 43. Bxg7 Nxf4 44. gxf4 Kxg7 45. Kf2 Bxe4 46. g3 Kf6 47. b4 axb4 48. axb4 Kf5 49. b5 h5 50. b6 Bb7 51. Ke2 Kg4 52. Kd3 Kxg3 53. f5 h4 54. f6 h3 55. f7 h2 56. f8Q h1Q 57. Qg7+ Kf2 58. Qxd4+ Ke1 59. Qe3+ Kd1 60. Qe2+ Kc1 61. Qc2# 1-0

[Event "Titled Tuesday intern op 30th Apr Late"]
[Site "Chess.com INT"]
[Date "2024.04.30"]
[Round "7"]
[White "Goncharov, Vladimir"]
[Black "Escalona Landi, Samid Eduardo"]
[Result "1-0"]
[WhiteElo "2077"]
[BlackElo "2248"]
[PlyCount "133"]
[EventDate "2024.04.30"]
[EventType "swiss (blitz)"]
[EventRounds "11"]
[EventCountry "USA"]
[SourceTitle "EXT 2025"]
[Source "ChessBase"]
[SourceDate "2024.10.14"]
[SourceVersion "1"]
[SourceVersionDate "2024.10.14"]
[SourceQuality "1"]

1. d4 Nf6 2. c4 g6 3. Nc3 Bg7 4. e4 0-0 5. h3 d6 6. Be3 e5 7. d5 Nbd7 8. Nf3 Nc5 9. Nd2 a5 10. Be2 c6 11. 0-0 Nfd7 12. b3 f5 13. a3 Nf6 14. Bg5 h6 15. Bxf6 Qxf6 16. b4 Nd7 17. Nb3 axb4 18. axb4 Rxa1 19. Qxa1 Qh4 20. Nd2 c5 21. Nb5 Qe7 22. Bf3 cxb4 23. Qb2 Nc5 24. Qxb4 h5 25. Nc3 Bh6 26. Nb3 Nd3 27. Qb6 Nf4 28. c5 Rd8 29. cxd6 Rxd6 30. Qc5 Qd8 31. Nb5 Rb6 32. Na5 Bd7 33. Nc7 Rb2 34. d6 Bg7 35. exf5 Bxf5 36. Nxb7 Qg5 37. Kh1 Nxh3 38. gxh3 Qh4 39. Qd5+ Kh7 40. Bg2 Bxh3 41. Bxh3 Qxh3+ 42. Kg1 Qg4+ 43. Qg2 Qxg2+ 44. Kxg2 Rxb7 45. Rd1 Bf6 46. Kf3 Rb4 47. Nd5 Rb3+ 48. Ke4 Bd8 49. Rc1 Rb2 50. Rc8 Bh4 51. Ne3 Rxf2 52. Nc4 Rf4+ 53. Kd5 Rd4+ 54. Kxe5 Rxc4 55. Rxc4 Bg3+ 56. Ke6 Bxd6 57. Kxd6 Kh6 58. Ke5 Kg5 59. Ke4 Kg4 60. Ke3+ Kg3 61. Rc5 h4 62. Rg5+ Kh2 63. Kf2 h3 64. Rxg6 Kh1 65. Kg3 h2 66. Ra6 Kg1 67. Ra1# 1-0

[Event "Titled Tuesday intern op 23rd Apr Early"]
[Site "Chess.com INT"]
[Date "2024.04.23"]
[Round "11"]
[White "Cogan, Nicolas"]
[Black "Escalona Landi, Samid Eduardo"]
[Result "0-1"]
[WhiteElo "2110"]
[BlackElo "2248"]
[PlyCount "64"]
[EventDate "2024.04.23"]
[EventType "swiss (blitz)"]
[EventRounds "11"]
[EventCountry "USA"]
[SourceTitle "EXT 2025"]
[Source "ChessBase"]
[SourceDate "2024.10.14"]
[SourceVersion "1"]
[SourceVersionDate "2024.10.14"]
[SourceQuality "1"]

1. d4 Nf6 2. c4 g6 3. Nc3 Bg7 4. e4 d6 5. f4 0-0 6. Nf3 c5 7. d5 b5 8. cxb5 a6 9. bxa6 Qa5 10. Bd2 Nxa6 11. Bb5 Nc7 12. Bc4 Ba6 13. Bxa6 Qxa6 14. Qe2 Rfb8 15. Qxa6 Nxa6 16. Rb1 Nb4 17. 0-0 Nxa2 18. Rfe1 Nb4 19. Re3 Nd7 20. e5 Nb6 21. exd6 exd6 22. Nb5 N6xd5 23. Nxd6 Nxe3 24. Bxe3 Nd5 25. Bxc5 Rxb2 26. Rxb2 Bxb2 27. f5 Ra5 28. Bf2 Ra1+ 29. Ne1 Bc3 30. Kf1 Bxe1 31. Bxe1 Ne3+ 32. Ke2 Nxg2 0-1

[Event "Titled Tuesday intern op 23rd Apr Early"]
[Site "Chess.com INT"]
[Date "2024.04.23"]
[Round "4"]
[White "Escalona Landi, Samid Eduardo"]
[Black "Dovgaliuk, Oleksandr"]
[Result "1-0"]
[WhiteElo "2248"]
[BlackElo "2032"]
[PlyCount "105"]
[EventDate "2024.04.23"]
[EventType "swiss (blitz)"]
[EventRounds "11"]
[EventCountry "USA"]
[SourceTitle "EXT 2025"]
[Source "ChessBase"]
[SourceDate "2024.10.14"]
[SourceVersion "1"]
[SourceVersionDate "2024.10.14"]
[SourceQuality "1"]

1. d4 d5 2. c4 c6 3. Nf3 Nf6 4. Qc2 dxc4 5. Qxc4 Bf5 6. g3 e6 7. Bg2 Qd5 8. Qa4 Nbd7 9. Nc3 Qd6 10. 0-0 Qb4 11. Qd1 Be7 12. a3 Qb6 13. Nh4 0-0 14. e4 Bg4 15. f3 Bh5 16. g4 Bg6 17. f4 Nxe4 18. Nxg6 Nxc3 19. Nxe7+ Kh8 20. bxc3 Rfe8 21. Nxc6 bxc6 22. Qf3 Rac8 23. Be3 Qb3 24. Rfc1 Nf6 25. h3 Nd5 26. Bf2 Qc4 27. Bf1 Qb3 28. Be2 Rb8 29. c4 Qxf3 30. Bxf3 Nxf4 31. Bg3 Rb3 32. Bxf4 Rxf3 33. Bd6 Rxh3 34. Kg2 Rd3 35. Rd1 Rc3 36. Rac1 Rb3 37. Rb1 Rc3 38. Rdc1 Rd3 39. Bc5 a6 40. Rb7 f5 41. Rf1 Rd2+ 42. Kg3 Rd3+ 43. Kh4 fxg4 44. Rff7 Rg8 45. Bf8 g5+ 46. Kxg4 h5+ 47. Kxh5 Rh3+ 48. Kg4 Rh4+ 49. Kg3 Rh1 50. Bg7+ Kh7 51. Be5+ Kh6 52. Rh7+ Kg6 53. Rxh1 1-0

[Event "Titled Tuesday intern op 23rd Apr Late"]
[Site "Chess.com INT"]
[Date "2024.04.23"]
[Round "6"]
[White "Escalona Landi, Samid Eduardo"]
[Black "Gutierrez Olivares, Daniel"]
[Result "1-0"]
[WhiteElo "2248"]
[BlackElo "2354"]
[PlyCount "151"]
[EventDate "2024.04.23"]
[EventType "swiss (blitz)"]
[EventRounds "11"]
[EventCountry "USA"]
[SourceTitle "CBM 219 Extra"]
[Source "ChessBase"]
[SourceDate "2024.05.31"]
[SourceVersion "1"]
[SourceVersionDate "2024.05.31"]
[SourceQuality "1"]

1. d4 e6 2. Nf3 Nf6 3. c4 c5 4. d5 exd5 5. cxd5 Bd6 6. Nc3 0-0 7. g3 Re8 8. Bg2 Bf8 9. 0-0 d6 10. Nd2 b6 11. Nc4 Ba6 12. Qb3 Nbd7 13. a4 h6 14. Nb5 Ne5 15. Nca3 Ng6 16. Qc2 Bc8 17. e4 a6 18. Nc3 Rb8 19. Nc4 Ne5 20. b3 b5 21. axb5 axb5 22. Na5 Qb6 23. Bf4 Bd7 24. h3 Ng6 25. Be3 Ra8 26. b4 Qc7 27. Qb3 Rec8 28. Rfc1 c4 29. Qc2 Ne5 30. Rcb1 Nd3 31. Nc6 Bxc6 32. dxc6 Rxa1 33. Rxa1 Nxb4 34. Qb2 Nd3 35. Qxb5 Rb8 36. Qxc4 Ne5 37. Qa6 Qxc6 38. Qxc6 Nxc6 39. Rd1 Ne5 40. Bf4 Nc4 41. Bf1 Rb4 42. Kg2 Nb2 43. Re1 g5 44. Bc1 Na4 45. Nxa4 Rxa4 46. Bb2 Nxe4 47. Rd1 Nc5 48. Bd4 Rb4 49. Be3 Ne6 50. Be2 Bg7 51. Bg4 Be5 52. Rc1 Kg7 53. Rc8 Rb2 54. Kf3 Kf6 55. Rh8 Kg7 56. Ra8 Rb3 57. Ra7 Kf6 58. Kg2 Bd4 59. Bxd4+ Nxd4 60. Bh5 Ke5 61. Rxf7 Rb2 62. Rh7 Nf5 63. Bg4 Ne3+ 64. Kf3 Nxg4 65. hxg4 d5 66. Rxh6 d4 67. Rg6 d3 68. Rxg5+ Kd4 69. Rg8 d2 70. Rd8+ Kc3 71. Ke2 Ra2 72. Rd3+ Kc4 73. Rxd2 Ra6 74. Kf3 Re6 75. Kg2 Rd6 76. Rxd6 1-0

[Event "Titled Tuesday intern op 23rd Apr Late"]
[Site "Chess.com INT"]
[Date "2024.04.23"]
[Round "5"]
[White "Silva, Pedro Gil Ferreira"]
[Black "Escalona Landi, Samid Eduardo"]
[Result "0-1"]
[WhiteElo "2237"]
[BlackElo "2248"]
[PlyCount "98"]
[EventDate "2024.04.23"]
[EventType "swiss (blitz)"]
[EventRounds "11"]
[EventCountry "USA"]
[SourceTitle "CBM 219 Extra"]
[Source "ChessBase"]
[SourceDate "2024.05.31"]
[SourceVersion "1"]
[SourceVersionDate "2024.05.31"]
[SourceQuality "1"]

1. c4 g6 2. Nf3 Bg7 3. g3 d6 4. d4 Nc6 5. Bg2 Bd7 6. 0-0 Qc8 7. Re1 Bh3 8. Bh1 h5 9. e4 h4 10. Nc3 hxg3 11. fxg3 Bg4 12. Be3 e5 13. d5 Nd4 14. Rf1 Ne7 15. Qd2 Bxf3 16. Bxf3 c5 17. Bg2 0-0 18. Rf2 a6 19. Raf1 f6 20. a4 Rb8 21. h4 Kh7 22. Kh2 Ng8 23. Bh3 Qc7 24. g4 Qe7 25. g5 b6 26. gxf6 Bxf6 27. Bg5 Bxg5 28. hxg5 Kg7 29. Qe3 Rxf2+ 30. Rxf2 Rf8 31. Rxf8 Qxf8 32. Kg3 Qe7 33. Bg4 Qd8 34. Bd1 Ne7 35. Bg4 Nef5+ 36. exf5 gxf5 37. Ne2 Nxe2+ 38. Qxe2 Qxg5 39. Kh3 fxg4+ 40. Qxg4 Qxg4+ 41. Kxg4 Kg6 42. Kf3 Kf5 43. Ke3 e4 44. Kd2 Kf4 45. Ke2 a5 46. b3 e3 47. Kd3 Kf3 48. b4 cxb4 49. c5 bxc5 0-1